000 00800nam a22002777a 4500
001 BR9702587
003 BR-BrBNA
005 20230928095429.0
007 ta
008 230509b bl.||||| |||| 00| 0 por d
040 _aBR-BrBNA
_bpor
_cBiblioteca Nacional de Agricultura
041 _a(Por)
072 _aE14; M01
090 _ E14 BR9702587
110 1 _aAssociacao de Credito e Assistencia Rural do Estado do Para, Belem (Brasil)
_9493
245 1 _aProjeto extensao pesqueira: relatorio de acompanhamento e controle; 4. trimestre de 1976
260 3 _aBelem, PA (Brasil):
_c1976.
300 _a12 p.
500 _a13 tables
650 _aProjeto Agricola
650 _aPesca
650 _aExtensao Rural
650 _aPara
909 _a202309
_bLucia
_c55
_dLucia Elande
942 _cBK
999 _c56518
_d56518